000 00325nam a2200145Ia 4500
005 20251222143316.0
008 251222s9999||||xx |||||||||||||| ||spa||
020 _a84-206-2070-X
082 _a510/A39
100 _aAleksandrov, A.D.
245 0 _aLa Matemática:
250 _a2a.ed.
264 _bAlianza
942 _cLIB
999 _c15891
_d15891